Normal view
MARC view
- NUMERICAL ANALYSIS, MATLAB, COMPUTER INTERFACE, PARALLEL PROGRAMMING COMPUTER SCEINCE. MPI
Entry Topical Term
001 - CONTROL NUMBER
- control field: 68633
003 - CONTROL NUMBER IDENTIFIER
- control field: NUST
005 - DATE AND TIME OF LATEST TRANSACTION
- control field: 20210628204100.0
008 - FIXED-LENGTH DATA ELEMENTS
- fixed length control field: 210628|| aca||aabn | a|a d
040 ## - CATALOGING SOURCE
- Original cataloging agency: NUST
- Transcribing agency: NUST
150 ## - HEADING--TOPICAL TERM
- Topical term or geographic name entry element: NUMERICAL ANALYSIS, MATLAB, COMPUTER INTERFACE, PARALLEL PROGRAMMING COMPUTER SCEINCE. MPI
670 ## - SOURCE DATA FOUND
- Source citation: Work cat.: (NUST): White, Robert. E 68632, Computational mathematics;models, methods, and analysis with matlab and mpi, 2003
